000 01384nam a22002057a 4500
003 NALT
005 20251225091017.0
008 s2558 th tha d
020 _a9786162831973
040 _aNALT
041 _atha
050 _aDS 578.32
_bส731จ 2558
245 0 0 _aจดหมายเหตุเฉลิมพระเกียรติสมเด็จพระนางเจ้าสิริกิติ์ พระบรมราชินีนาถ เนื่องในโอกาสพระราชพิธีมหามงคลเฉลิมพระชนมพรรษา 80 พรรษา 12 สิงหาคม 2555.
260 _aปทุมธานี :
_bหอจดหมายเหตุแห่งชาติเฉลิมพระเกียรติพระบาทสมเด็จพระเจ้าอยู่หัวภูมิพลอดุลยเดช สำนักหอจดหมายเหตุแห่งชาติ กรมศิลปากร,
_c2558.
300 _a452 หน้า :
_bภาพประกอบ ;
_c30 ซม.
600 0 4 _aสิริกิติ์ พระบรมราชินีนาถ,
_cสมเด็จพระนางเจ้า,
_d2475-
_912020
850 _aNALT
942 _cGB
_2lcc
996 _asaiphon.d
_bCATSTF
_c2025-12-25
999 _c74541
_d74541
998 _j104
_k นางสาวสายฝน ดีงาม